000 00660nab a2200241 a 4500
001 54168
003 124785
005 20201118102953.0
008 ||||||n9999 ||| || ||
041 _aspa
100 _aVelez Mesa, William
245 0 _aPoder legislativo, ordenamiento territorial y el futuro de Colombia
260 _aBogotá :
_bCámara de Representantes,
_c1998.
300 _app.37-52
562 _e0
650 _aANALISIS NORMATIVO
650 _aCOLOMBIA
650 _aCONSTITUCION POLITICA
650 _aORDENAMIENTO TERRITORIAL
650 _aPROTECCIÓN DEL MEDIO AMBIENTE
773 _052436
_aMemorias :
942 _cANADG
999 _c54168
_d54168